| 000 | 02207nam0a2200373 4500 | ||
|---|---|---|---|
| 001 | RU\NLR\BIBL_A\022036345 | ||
| 005 | 20231020112035.0 | ||
| 010 |
_a978-5-94952-035-2 _9200 |
||
| 021 |
_aRU _bКН-П-23-054613 _9КН-П-23-5482 |
||
| 035 | _a(NLR Aleph) 022036345 | ||
| 035 | _a(RuMoRGB)012056088 | ||
| 090 |
_a12555181 _c12555181 |
||
| 100 | _a20230927d2023 k y0rusy50 ca | ||
| 101 | 0 | _arus | |
| 102 | _aRU | ||
| 105 | _aa z 100zy | ||
| 181 | 0 |
_ai3 _baxxe |
|
| 182 | 0 | _an | |
| 200 | 1 |
_aАктуальные проблемы правового просвещения _eсборник материалов круглого стола (Москва, 30 ноября 2022 г.) _fУниверситет прокуратуры Российской Федерации _gсоставители: А. О. Кузнецов, кандидат философских наук [и др.] |
|
| 203 |
_aТекст _bвизуальный _cнепосредственный |
||
| 210 |
_aМосква _cУниверситет прокуратуры Российской Федерации _d2023 |
||
| 215 |
_a102 с. _cтабл. _d21 |
||
| 320 | _aБиблиогр. в подстроч. примеч. | ||
| 606 | 1 |
_aПравовая культура _jСъезды, совещания и т.п _yРоссийская Федерация _92116179 _3RU\NLR\AUTH\661278402 |
|
| 606 | 1 |
_aПравосознание _jСъезды, совещания и т.п _xВоспитание _yРоссийская Федерация _92097907 _3RU\NLR\AUTH\661269161 |
|
| 686 | 1 | _aХ062.003я43 | |
| 702 | 1 |
_4220 _7ca _8rus _aКузнецов _bА. О. _cканд. филос. наук _gАндрей Олегович _9139444 _3RU\NLR\AUTH\770139479 |
|
| 711 | 1 | 2 |
_a"Актуальные проблемы правового просвещения", круглый стол _eМосква _f2022 _9862005 _3RU\NLR\AUTH\880598502 |
| 712 | 0 | 2 |
_4475 _aУниверситет прокуратуры Российской Федерации _9635993 _3RU\NLR\AUTH\880487812 |
| 942 | _cBOOK | ||
| 980 | _aNB | ||